[Event "TCh-YUG"]
[Site "Herceg Novi YUG"]
[Date "2001.05.21"]
[Round "8"]
[White "Laketic,G"]
[Black "Marinkovic,I"]
[Result "1/2-1/2"]
[WhiteElo "2448"]
[BlackElo "2446"]

1.Nf3 Nf6 2.c4 b6 3.d4 e6 4.g3 Ba6 5.b3 Bb4+ 6.Bd2 Be7 7.Bg2 c6 8.Bc3 d5
9.Nbd2 Nbd7 10.O-O O-O 11.Re1 Bb7 12.e4 Nxe4 13.Nxe4 dxe4 14.Rxe4 Nf6 15.Re3 c5
16.Rd3 Be4 17.Rd2 cxd4 18.Rxd4 Qc7 19.Qe2 Bb7 20.Rad1 Rad8 21.Ne5 Rxd4 22.Rxd4 Rd8
23.Rxd8+ Bxd8 24.Qd3 Be7 25.Bxb7 Qxb7 26.f3 Qc7 27.Kf1 Bd6 28.Qe3 a6 29.Ke2 Bc5
30.Qd2 Bd6 31.Qb2 Qc5 32.Bd4 Bxe5 33.Bxe5 Qg1 34.Kd3 Qd1+ 35.Ke3 Qe1+ 36.Qe2 Qc1+
37.Kd3 Nd7 38.Bc3 Nc5+ 39.Kd4 a5 40.Qd2 Qf1 41.Qd3  1/2-1/2

[Event "TCh-RUS"]
[Site "Tomsk RUS"]
[Date "2001.05.21"]
[Round "8"]
[White "Prokopchuk,E"]
[Black "Brodsky,M"]
[Result "1/2-1/2"]
[WhiteElo "2508"]
[BlackElo "2529"]

1.d4 Nf6 2.c4 e6 3.Nf3 b6 4.g3 Ba6 5.b3 Bb7 6.Bg2 Bb4+ 7.Bd2 a5 8.a3 Be7
9.Nc3 d5 10.cxd5 exd5 11.O-O O-O 12.Qc2 Na6 13.Rfd1 Qc8 14.Bf4 Rd8 15.Ng5 Qg4
16.h4 Qh5 17.Nf3 Qg6 18.Qxg6 hxg6 19.Ne5 Ne4 20.Nxe4 dxe4 21.Nc4 Bd5 22.Rdc1 Ra7  1/2-1/2

[Event "XXVI Elekes Mem IM"]
[Site "Budapest HUN"]
[Date "2001.05.23"]
[Round "3"]
[White "Orso,M"]
[Black "Petran,Pa"]
[Result "1/2-1/2"]
[WhiteElo "2386"]
[BlackElo "2392"]

1.d4 Nf6 2.c4 e6 3.Nf3 b6 4.g3 Ba6 5.b3 Bb7 6.Bg2 Bb4+ 7.Bd2 a5 8.O-O O-O
9.Nc3 d6 10.a3 Bxc3 11.Bxc3 Nbd7 12.Nd2 Bxg2  1/2-1/2

[Event "XXVI Elekes Mem IM"]
[Site "Budapest HUN"]
[Date "2001.05.28"]
[Round "8"]
[White "Orso,J"]
[Black "Medvegy,N"]
[Result "1/2-1/2"]
[WhiteElo "2249"]
[BlackElo "2346"]

1.d4 Nf6 2.Nf3 e6 3.c4 b6 4.g3 Ba6 5.b3 b5 6.Qc2 bxc4 7.bxc4 Bb4+ 8.Bd2 Bxd2+
9.Nbxd2 c5 10.Bg2 Nc6 11.Qa4 Qa5 12.Qxa5 Nxa5 13.Nb3 Nb7 14.Nfd2 Rc8 15.O-O cxd4
16.Bxb7 Bxb7 17.Nxd4 Ke7 18.Rab1 Rb8 19.Rb3 Ne4 20.Nxe4 Bxe4 21.f3 Bg6 22.e4 Rhc8
23.Rfb1 Rxb3 24.axb3 d5 25.cxd5 exd5 26.Ra1 dxe4 27.Rxa7+ Kd6 28.fxe4 Ke5
29.Nf3+ Kxe4 30.Nh4 Rc1+ 31.Kg2 Rc2+ 32.Kh3 Bh5 33.Re7+ Kd5 34.Nf5 Rb2 35.Nxg7 Bg6
36.Re3 Kd4 37.Rf3 Ke4 38.Rf4+ Ke5 39.b4 f5 40.Rh4 Kf6 41.Nh5+ Bxh5 42.Rxh5 Rxb4
43.Rxh7 Rb2 44.Rh4 Kg5  1/2-1/2

[Event "TCh-YUG Final"]
[Site "Herceg Novi YUG"]
[Date "2001.05.28"]
[Round "2.2"]
[White "Antic,D"]
[Black "Kovacevic,A"]
[Result "0-1"]
[WhiteElo "2485"]
[BlackElo "2527"]

1.d4 Nf6 2.c4 e6 3.Nf3 b6 4.g3 Ba6 5.b3 Bb4+ 6.Bd2 Be7 7.Bg2 Bb7 8.Nc3 d5
9.cxd5 exd5 10.O-O O-O 11.Qc2 Na6 12.Rad1 Qc8 13.Bg5 Rd8 14.Nh4 Qd7 15.Nf5 c6
16.a3 h6 17.Bh4 Kh8 18.f4 Ng8 19.Nxe7 Nxe7 20.f5 f6 21.g4 Nc7 22.Bg3 Ne8
23.e3 Ba6 24.Rfe1 Nd6 25.a4 Re8 26.Qf2 Rad8 27.Bf4 Nec8 28.Qc2 Re7 29.Rc1 Bb7
30.b4 Rde8 31.b5 Nc4 32.bxc6 Bxc6 33.Nxd5 Bxd5 34.Bxd5 Qxd5 35.Qxc4 Qe4 36.Qc6 Qd3
37.Qc2 Qa3 38.Ra1 Qb4 39.Rab1 Qa5 40.Qb3 Re4 41.Red1 Ne7 42.Qb5 Nd5 43.Qxa5 bxa5
44.Rb2 Nxf4 45.exf4 Rxf4 46.h3 h5 47.Rf2 Rfe4 48.gxh5 Rd8 49.Rfd2 Rd5 50.Kh2 Kg8
51.Rg2 Rxf5 52.h6 g5 53.d5 Re7 54.d6 Rd7 55.Rc2 Kh7 56.Kg3 Kxh6 57.Rc7 Rxc7
58.dxc7 Rc5 59.Rd7 Kg6 60.Kf3 f5 61.Ke3 Kf6 62.Kd4 Ke6 63.Rg7 Rc1 64.Rxg5 Kf6
65.Rg8 Rxc7 66.Rh8 Re7 67.h4 Re4+ 68.Kd5 Kg7 69.Ra8 Rxa4 70.Rxa7+ Kg6 71.Ra8 Rxh4
72.Rxa5 Rb4 73.Ra1 Kf6 74.Kc5 Re4 75.Kd5 Kg5 76.Rg1+ Rg4 77.Rf1 Ra4 78.Rg1+ Kf6
79.Rf1 f4 80.Rg1 Kf5 81.Rg8 f3  0-1

[Event "FSIM June"]
[Site "Budapest HUN"]
[Date "2001.06.03"]
[Round "2"]
[White "Seres,L"]
[Black "Wang Shuai"]
[Result "0-1"]
[WhiteElo "2425"]
[BlackElo "2156"]

1.d4 Nf6 2.c4 e6 3.Nf3 b6 4.g3 Ba6 5.Qa4 c5 6.Bg2 Bb7 7.dxc5 Bxc5 8.O-O O-O
9.Nc3 Be7 10.Rd1 Na6 11.Be3 Qc8 12.Rac1 Nc5 13.Qc2 Nce4 14.Bd4 d6 15.b3 Qb8
16.Qb2 h6 17.Nxe4 Bxe4 18.Ne1 Bxg2 19.Nxg2 Rd8 20.Ne3 a6 21.Rd3 b5 22.cxb5 axb5
23.Rdc3 e5 24.Nf5 Bf8 25.Be3 Nd5 26.Rc6 Nxe3 27.Nxe3 d5 28.Qc2 e4 29.Rd1 d4
30.Ng2 Qb7 31.Qxe4 Rd6 32.Rdc1 Rc8  0-1

[Event "ch-IND"]
[Site "New Delhi IND"]
[Date "2001.06.07"]
[Round "12"]
[White "Murugan,K"]
[Black "Kunte,A"]
[Result "1/2-1/2"]
[WhiteElo "2390"]
[BlackElo "2568"]

1.d4 Nf6 2.Nf3 e6 3.c4 b6 4.g3 Ba6 5.b3 b5 6.cxb5 Bxb5 7.Nc3 Bb4 8.Bd2 Bc6
9.Bg2 Qc8 10.O-O Qb7 11.a3 Bxc3 12.Bxc3 O-O 13.Qc2 Be4 14.Ne1 a5 15.Bxe4 Qxe4
16.f3 Qxc2 17.Nxc2 Nd5 18.Bd2 f5 19.b4 axb4 20.Nxb4 Nxb4 21.Bxb4 Rc8 22.e4 Nc6
23.d5 exd5 24.exd5 Nxb4 25.axb4 Rxa1 26.Rxa1 Kf7 27.Kf2 Rb8 28.Ra7 Rxb4 29.d6 Ke6
30.dxc7 Rc4 31.Ke3 g6 32.h4 Kd6 33.Ra6+ Kxc7 34.Rf6 Rc6 35.Rf7 h5 36.Rg7 Re6+
37.Kd4 Kd6 38.Rg8 Rf6 39.f4 Kc6 40.Rc8+ Kd6 41.Rg8 Re6 42.Rg7 Kc6 43.Rg8 Rd6+
44.Ke3 Re6+ 45.Kd4 Rf6 46.Rc8+ Kd6 47.Rg8 Ke7 48.Rg7+ Ke8 49.Ke5 Ra6 50.Kd5 Re6
51.Kd4 Rb6 52.Kc5 Rc6+ 53.Kd5 Ra6 54.Kd4 Re6 55.Kd3 Rd6+ 56.Kc3 Kf8 57.Rh7 Rd1
58.Kc4 Rd2 59.Kc3 Rd1 60.Kc4 d5+ 61.Kc3 d4+ 62.Kc2 Rg1 63.Kd3 Rxg3+ 64.Kxd4  1/2-1/2

[Event "White Nights"]
[Site "St Petersburg RUS"]
[Date "2001.06.09"]
[Round "1"]
[White "Stotika,V"]
[Black "Shaposhnikov,E"]
[Result "0-1"]
[WhiteElo "2310"]
[BlackElo "2514"]

1.d4 Nf6 2.c4 e6 3.Nf3 b6 4.g3 Ba6 5.b3 d5 6.Bg2 dxc4 7.Ne5 Bb4+ 8.Kf1 Bd6
9.Nxc4 Nd5 10.Nxd6+ cxd6 11.Bf3 Nd7 12.Kg2 f5 13.Qd2 N7f6 14.Nc3 Bb7 15.Nxd5 Bxd5
16.Bxd5 Nxd5 17.Qd3 O-O 18.Bd2 Qd7 19.Rac1 Qb7 20.f3 b5 21.Rc2 Rac8 22.Rhc1 a6
23.Kf2 h6 24.a4 Rxc2 25.Qxc2 Qb6 26.e3 bxa4 27.bxa4 Rb8 28.Qc6 Qb2 29.Rc2 Qb1
30.Rc1 Qd3 31.Qc2 Qa3 32.Qc4 Kh7 33.Rc2 Rb1 34.Ra2 Nb6 35.Qxe6 Qd3 36.Be1 Nc4
37.Re2 Rb2 38.Rxb2 Nxb2 39.Kg2 Nd1 40.Bf2 Qc2 41.Kh3 Nxf2+ 42.Kh4 Ng4 43.h3 Nf6  0-1

[Event "2nd IECC Playoff g/15"]
[Site "Ohrid MKD"]
[Date "2001.06.15"]
[Round "2.1"]
[White "Tregubov,P"]
[Black "Istratescu,A"]
[Result "1-0"]
[WhiteElo "2628"]
[BlackElo "2561"]

1.d4 Nf6 2.c4 e6 3.Nf3 b6 4.g3 Ba6 5.Nbd2 d5 6.Bg2 Be7 7.O-O O-O 8.Ne5 Bb7
9.b3 a5 10.Bb2 Na6 11.cxd5 exd5 12.Rc1 c5 13.dxc5 bxc5 14.Nd3 Qb6 15.Nf4 Rfd8
16.Qc2 Rac8 17.Rfd1 Bf8 18.Qf5 Rc6 19.Nf1 d4 20.Bxc6 Qxc6 21.f3 Qb6 22.Nd2 Nb4
23.Nc4 Qa6 24.a3 Nbd5 25.Nxd5 Nxd5 26.Qd3 Re8 27.Re1 h5 28.Rcd1 h4 29.e4 dxe3
30.Nxe3 Qxd3 31.Rxd3 c4 32.bxc4 Rxe3 33.Rexe3 Nxe3 34.Rd8 Nf5 35.a4 Ne7 36.Ba3 Ng6
37.gxh4 Bxf3 38.Kf2 Bg4 39.h3 Bh5 40.Bxf8 Nxf8 41.c5  1-0

[Event "2nd IECC Playoff g/15"]
[Site "Ohrid MKD"]
[Date "2001.06.15"]
[Round "2.1"]
[White "Piket,Je"]
[Black "Sokolov,And"]
[Result "1-0"]
[WhiteElo "2628"]
[BlackElo "2568"]

1.d4 Nf6 2.c4 e6 3.Nf3 b6 4.g3 Ba6 5.Qa4 Bb7 6.Bg2 c5 7.dxc5 bxc5 8.O-O Be7
9.Nc3 O-O 10.Rd1 a6 11.Bf4 d6 12.Rab1 h6 13.b4 Bc6 14.Qb3 cxb4 15.Qxb4 e5
16.c5 dxc5 17.Qc4 Qc8 18.Nxe5 Bxg2 19.Kxg2 Nc6 20.e4 Nxe5 21.Bxe5 Re8 22.Nd5 Qe6
23.Bxf6 Bxf6 24.Rb6 Qe5 25.f4 Qh5 26.Nxf6+ gxf6 27.Rd5 Qg6 28.Rf5 Kg7 29.Kf3 Rad8
30.Rbxf6 Qxf6 31.Rxf6 Kxf6 32.Qxc5 Kg7 33.e5 Rc8 34.Qd4 Red8 35.Qb6 Rd3+
36.Kg4 Rdc3 37.Qf6+ Kg8 38.Qxh6 R8c6 39.Qh4 Rc2 40.Qd8+ Kg7 41.f5 Rxh2 42.f6+ Kh7
43.Qf8  1-0

[Event "5th Open"]
[Site "Voronezh RUS"]
[Date "2001.06.21"]
[Round "9"]
[White "Zhaurov,A"]
[Black "Lukjanenko,A"]
[Result "0-1"]
[WhiteElo "2202"]
[BlackElo "2442"]

1.d4 Nf6 2.Nf3 e6 3.c4 b6 4.g3 Ba6 5.b3 Bb4+ 6.Bd2 Be7 7.Bg2 c6 8.Qc2 d5
9.O-O O-O 10.Rd1 Nbd7 11.Ne5 Rc8 12.Bc3 Qc7 13.Nd2 Rfd8 14.Ndf3 c5 15.Rac1 dxc4
16.bxc4 cxd4 17.Bxd4 Nxe5 18.Bxe5 Rxd1+ 19.Qxd1 Qc5 20.Qa4 Qa3 21.Qd1 Rxc4
22.Rxc4 Bxc4 23.Nd2 Bd5 24.Bxf6 Bxf6 25.Bxd5 exd5 26.Qc2 g6 27.Nb3 Qb2 28.Qxb2 Bxb2
29.Kf1 Kf8 30.Ke1 Ke7 31.Kd2 Kd6 32.Kc2 Bf6 33.Nd2 b5 34.Kb3 Be7 35.Nf3 a6
36.Kb4 Bd8 37.e3 f6 38.h3 Bb6 39.g4 Kc6 40.a4 a5+ 41.Kb3 b4 42.Nd4+ Bxd4
43.exd4 f5 44.g5 f4  0-1

[Event "Open"]
[Site "Batumi GEO"]
[Date "2001.06.29"]
[Round "4"]
[White "Gurieli,N"]
[Black "Kantaria,M"]
[Result "0-1"]
[WhiteElo "2356"]
[BlackElo "2104"]

1.Nf3 Nf6 2.d4 e6 3.c4 b6 4.g3 Ba6 5.Qa4 c5 6.Bg2 Bb7 7.O-O Be7 8.Nc3 O-O
9.Rd1 d6 10.dxc5 bxc5 11.Bf4 Qb6 12.Qb5 Nbd7 13.Qxb6 Nxb6 14.b3 Rfd8 15.a4 a5
16.Nb5 Ne8 17.Ra2 d5 18.cxd5 Bxd5 19.Rb2 Rac8 20.Re1 c4 21.e4 c3 22.Nxc3 Rxc3
23.exd5 Nxd5 24.Be5 Bf6 25.Bxc3 Bxc3 26.Rc2 Bxe1 27.Nxe1 Nb4 28.Rc1 Kf8 29.Kf1 Nd6
30.Rc5 Nf5 31.Rxa5 Rd1 32.Be4 Nd4 33.Ra8+ Ke7 34.Rc8 f5 35.Rc4 fxe4 36.Rxb4 Rxe1+
37.Kxe1 Nc2+ 38.Kd2 Nxb4 39.Ke3 Na6 40.Kd4 Kd6 41.a5 Nc5 42.b4 Nd3 43.b5 Nxf2
44.a6 Kc7 45.a7 Kb7 46.b6 g5 47.Ke3 Ng4+ 48.Kxe4 Nxh2 49.Ke5 Nf1 50.g4 h6
51.Kxe6 Ne3 52.Kd7 Nc4 53.Ke6 Ne3 54.Kd7 Nc4 55.Ke6 Nxb6 56.Kf6 Nd7+ 57.Kg6 Ne5+
58.Kxh6 Nf3 59.Kg6 Kxa7 60.Kf5 Kb7 61.Ke4 Nh4 62.Ke5 Kc6  0-1

[Event "Open"]
[Site "Batumi GEO"]
[Date "2001.07.02"]
[Round "6"]
[White "Izoria,Z"]
[Black "Supatashvili,K"]
[Result "1/2-1/2"]
[WhiteElo "2489"]
[BlackElo "2469"]

1.d4 Nf6 2.c4 e6 3.Nf3 b6 4.g3 Ba6 5.b3 Bb4+ 6.Bd2 Be7 7.Bg2 Bb7 8.Nc3 d5
9.O-O O-O 10.cxd5 exd5 11.Bc1 Nbd7 12.Bb2 Re8 13.Rc1 a6 14.Qc2 Bd6 15.e3 Qe7
16.Rfd1 Rac8 17.Qf5 g6 18.Qc2 Ne4 19.Nxe4 dxe4  1/2-1/2

[Event "Open"]
[Site "Batumi GEO"]
[Date "2001.07.03"]
[Round "7"]
[White "Magalashvili,D"]
[Black "Gashimov,S"]
[Result "1-0"]
[WhiteElo "2089"]
[BlackElo "2254"]

1.d4 Nf6 2.c4 e6 3.Nf3 b6 4.g3 Ba6 5.b3 d5 6.Bg2 c6 7.Nbd2 Bd6 8.O-O O-O
9.Bb2 Re8 10.Qc2 Nbd7 11.e4 dxe4 12.Nxe4 Nxe4 13.Qxe4 Bb7 14.Ne5 Nxe5 15.dxe5 Bf8
16.Rad1 Qc7 17.Rd3 Rad8 18.Rfd1 Ba8 19.Qe2 Be7 20.Be4 Rxd3 21.Qxd3 Rd8 22.Qf3 Rxd1+
23.Qxd1 Bb7 24.Qf3 Bf8 25.h4 h6 26.Bc3 Qe7 27.b4 Ba6 28.Bc2 Qd7 29.Qe4 g6
30.h5 Bg7 31.hxg6 fxg6 32.a4 Qf7 33.b5 cxb5 34.axb5 Bb7 35.Qxg6 Qxg6 36.Bxg6 Bf3
37.Bd3 Bf8 38.Bd4 Be7 39.Kf1 Kf7 40.Be2 Bxe2+ 41.Kxe2 Kg6 42.Kf3 h5 43.Ke4 Bf8
44.Be3 Bb4 45.f4 Bf8 46.f5+ exf5+ 47.Kd5 Bb4 48.Ke6 Be1 49.Bf4 h4 50.gxh4 Bxh4
51.Kd7 Kh5 52.e6 Kg4 53.Bh2 Kf3 54.e7 Bxe7 55.Kxe7 Ke4 56.Kd6 Kd4 57.Kc6 Kxc4
58.Bb8  1-0

[Event "FSIMB July"]
[Site "Budapest HUN"]
[Date "2001.07.03"]
[Round "2"]
[White "Balster,S"]
[Black "Pedersen,NV"]
[Result "1/2-1/2"]
[WhiteElo "2334"]
[BlackElo "2382"]

1.c4 e6 2.Nf3 Nf6 3.d4 b6 4.g3 Ba6 5.Qa4 c5 6.Bg2 Bb7 7.O-O cxd4 8.Nxd4 Bxg2
9.Kxg2 Qc8 10.Nc3 Qb7+ 11.f3 Bc5  1/2-1/2

[Event "Open"]
[Site "Karvina CZE"]
[Date "2001.07.03"]
[Round "4"]
[White "Zabystrzan,P"]
[Black "Berezjuk,S"]
[Result "1/2-1/2"]
[WhiteElo "2282"]
[BlackElo "2379"]

1.Nf3 e6 2.c4 Nf6 3.d4 b6 4.g3 Ba6 5.b3 Bb4+ 6.Bd2 Be7 7.Bg2 c6 8.Bc3 d5
9.Nbd2 Nbd7 10.O-O O-O 11.Re1 c5 12.Bb2 cxd4 13.Nxd4 Rc8 14.cxd5 Nxd5 15.Rc1 Nc5
16.a3 Qd7 17.Nc4 Na4 18.Ba1 Bxc4 19.Rxc4 Rxc4 20.bxc4 Ndc3 21.Qd3 Bf6 22.e3 e5
23.Bxc3 Nxc3 24.Qxc3 exd4 25.Qd3  1/2-1/2

[Event "Open"]
[Site "Karvina CZE"]
[Date "2001.07.05"]
[Round "6"]
[White "Mironov,I"]
[Black "Holeksa,Z"]
[Result "1-0"]
[WhiteElo "2280"]
[BlackElo "2136"]

1.d4 Nf6 2.c4 e6 3.Nf3 b6 4.g3 Ba6 5.Nbd2 d5 6.Bg2 c5 7.cxd5 exd5 8.Ne5 Bb7
9.O-O Bd6 10.Ndc4 O-O 11.Nxd6 Qxd6 12.Bf4 Qe7 13.Rc1 Rd8 14.Qa4 Nh5 15.Be3 Na6
16.Qa3 Rac8 17.Nd3 h6 18.dxc5 d4 19.Bxb7 Qxb7 20.Bd2 bxc5 21.Nxc5 Nxc5 22.Rxc5 Rxc5
23.Qxc5 Rd5 24.Qc4 Nf6 25.b3 Ne4 26.Rd1 Qd7 27.f3 Nf6 28.Bc1 Qe6 29.Bf4 Qd7
30.Rc1 Qe7 31.Qd3 g5 32.Rc8+ Kg7 33.Bc1 Qe6 34.Rc4 Re5 35.Rc2 Rd5 36.Bb2  1-0

[Event "10th AKN Weekender"]
[Site "Haarlem NED"]
[Date "2001.07.07"]
[Round "4"]
[White "Horvath,Cs"]
[Black "Davies,N"]
[Result "1/2-1/2"]
[WhiteElo "2545"]
[BlackElo "2476"]

1.d4 Nf6 2.c4 e6 3.Nf3 b6 4.g3 Ba6 5.b3 Bb7 6.Bg2 Bb4+ 7.Bd2 Be7 8.Bc3 d5
9.cxd5 exd5 10.O-O O-O 11.Bb2 Na6 12.Nc3 Re8  1/2-1/2

[Event "10th AKN Weekender"]
[Site "Haarlem NED"]
[Date "2001.07.08"]
[Round "6"]
[White "Horvath,Cs"]
[Black "Holscher,P"]
[Result "1-0"]
[WhiteElo "2545"]
[BlackElo "2099"]

1.d4 Nf6 2.c4 e6 3.Nf3 b6 4.g3 Ba6 5.b3 Bb4+ 6.Bd2 Be7 7.Bg2 c6 8.Bc3 d5
9.Nbd2 Bb7 10.Qc2 Nbd7 11.e4 dxe4 12.Nxe4 c5 13.Nxf6+ Nxf6 14.O-O Qc8 15.d5 exd5
16.Rfe1 d4 17.Nxd4 cxd4 18.Bb4 O-O 19.Bxb7 Qxb7 20.Bxe7 Rfe8 21.Bxf6 gxf6
22.Qf5 Qc6 23.Qg4+ Kf8 24.Qxd4 Red8 25.Qf4 Rd6 26.Re4 Kg8 27.Rae1 Rad8 28.Qg4+ Kh8
29.Qh5 Re6 30.Rxe6 fxe6 31.Qf7 e5 32.Qxa7 Rd7 33.Qb8+ Kg7 34.Qe8 Qd6 35.Qh5 Qd4
36.Qf5 Ra7 37.Re4 Qd1+ 38.Kg2 h5 39.a4 Rf7 40.Rh4 Qxb3 41.Qxh5 Kf8 42.Qh8+ Ke7
43.Qa8 Qb4 44.Qb7+ Ke6 45.Qd5+ Ke7 46.Rh8 Qxa4 47.Qd8+ Ke6 48.Re8+  1-0

[Event "Australian Masters"]
[Site "Melbourne AUS"]
[Date "2001.07.09"]
[Round "3"]
[White "Baron,M"]
[Black "Johansen,D"]
[Result "1/2-1/2"]
[WhiteElo "2321"]
[BlackElo "2524"]

1.d4 Nf6 2.Nf3 b6 3.c4 e6 4.g3 Ba6 5.Qa4 Be7 6.Bg2 O-O 7.Nc3 c6 8.O-O d5
9.Ne5 b5 10.cxb5 cxb5 11.Nxb5 Qe8 12.Nc3 Qxa4 13.Nxa4 Bxe2 14.Re1 Bb5 15.Nc3 Ba6
16.Bf1 Bxf1 17.Kxf1 Rc8 18.Bd2 Nc6 19.Nxc6 Rxc6 20.Rec1 Rc4 21.Ne2 Ne4 22.Be3 Nd6
23.b3 Rcc8 24.Rxc8+ Rxc8 25.Rc1 Rxc1+ 26.Bxc1 f6 27.a4 Kf7 28.Nf4 g5 29.Nd3 Nf5
30.Bb2 h5  1/2-1/2

[Event "Aegean Open"]
[Site "Ikaros GRE"]
[Date "2001.07.13"]
[Round "7"]
[White "Paidousis,A"]
[Black "Maki Uuro,Mi"]
[Result "1/2-1/2"]
[WhiteElo "2080"]
[BlackElo "2331"]

1.d4 Nf6 2.c4 e6 3.Nf3 b6 4.g3 Ba6 5.Qc2 c5 6.Bg2 Bb7 7.dxc5 Bxc5 8.O-O O-O
9.Bg5 Nc6 10.Nbd2 Be7 11.Rfd1 d6 12.Rac1 Qc7 13.Qb1 h6 14.Bxf6 Bxf6 15.Ne4 Be7
16.Nc3 a6 17.Nd5 Qd8 18.Nxe7+ Qxe7 19.a3 Rac8 20.b4 a5 21.c5 bxc5 22.bxc5 dxc5
23.Qb6 Rfd8 24.h4 Rxd1+ 25.Rxd1 Ba8 26.Rc1 c4 27.Rxc4 Qxa3 28.Nd4 Rb8 29.Qc7 Rb1+
30.Kh2 Nxd4 31.Rxd4 Bd5 32.Bxd5 exd5 33.Qc8+ Qf8 34.Qxf8+ Kxf8 35.Rxd5 Ra1
36.Kg2 Ke7 37.Rb5 a4 38.Ra5 a3 39.Ra7+ Ke6 40.g4 g6 41.h5 gxh5 42.gxh5 Kf6
43.Ra5 Ra2 44.e3 Ra1 45.Kf3 a2 46.Kf4 Ke6 47.Kf3 Rh1 48.Rxa2 Rxh5 49.Ra6+ Ke7
50.Kg4 Rg5+ 51.Kh4 f6 52.Kh3 Kf7 53.Ra4 Ke6 54.Rh4 h5 55.Ra4 Kf7 56.Rf4 Kg6
57.Ra4 Rb5 58.Kg3 Rg5+ 59.Kh3 Rb5 60.Kg3 Rb1  1/2-1/2

[Event "ch-SUI"]
[Site "Scuol SUI"]
[Date "2001.07.18"]
[Round "7"]
[White "Kelecevic,N"]
[Black "Jenni,F"]
[Result "1/2-1/2"]
[WhiteElo "2410"]
[BlackElo "2461"]

1.d4 Nf6 2.c4 e6 3.Nf3 b6 4.g3 Ba6 5.b3 Bb4+ 6.Bd2 Be7 7.Bg2 c6 8.Bc3 d5
9.Nbd2 O-O 10.Ne5 Nfd7 11.Nxd7 Nxd7 12.O-O Rc8 13.Re1 Nf6 14.e4 dxe4 15.Nxe4 Nxe4
16.Bxe4  1/2-1/2

[Event "Asian U20"]
[Site "Tehran IRI"]
[Date "2001.07.20"]
[Round "11"]
[White "Moradiabadi,E"]
[Black "Venkatesh,M"]
[Result "1-0"]
[WhiteElo "2404"]
[BlackElo "2356"]

1.d4 Nf6 2.c4 e6 3.Nf3 b6 4.g3 Ba6 5.Qc2 Bb7 6.Bg2 c5 7.O-O Be7 8.Nc3 Nc6
9.dxc5 bxc5 10.b3 O-O 11.Bb2 d5 12.cxd5 exd5 13.Rfd1 Nb4 14.Qc1 Qb8 15.a3 Na6
16.e3 Rd8 17.Qc2 Bc6 18.Rac1 Qb6 19.Ne5 Bb7 20.Na4 Qe6 21.Nd3 Ne4 22.Nf4 Qc6
23.Rxd5 Rxd5 24.Nxd5 Qxd5 25.Nc3 Nxc3 26.Bxd5 Nxd5 27.Qe2 Nac7 28.e4 Nb6
29.Rd1 Re8 30.a4 Bf8 31.f3 Bc6 32.Qd2 Ne6 33.a5 Nc8 34.Qe2 Nc7 35.Qc2 a6
36.b4 Ne6 37.bxc5 Bxc5+ 38.Kg2 Na7 39.Rd5 Bf8 40.Rd1 h6 41.Bd4 Nxd4 42.Rxd4 Bb5
43.Qc7 Re7 44.Qb6 Nc6 45.Rd5 Re6 46.Rxb5 axb5 47.a6 b4 48.a7 Nxa7 49.Qxa7 Rc6
50.Qb8 Rc3 51.f4 b3 52.Kh3 g6 53.f5 gxf5 54.exf5 f6 55.Qe8 Rd3 56.Qb5 Rc3
57.Kg4 Kf7 58.Kh5 Bd6 59.Qd5+ Kg7 60.Qxd6 b2 61.Qe7+ Kg8 62.Kg6  1-0

[Event "Czech Open"]
[Site "Pardubice CZE"]
[Date "2001.07.21"]
[Round "2"]
[White "Dolinskij,B"]
[Black "Stefansson,H"]
[Result "0-1"]
[WhiteElo "2374"]
[BlackElo "2586"]

1.d4 Nf6 2.c4 e6 3.Nf3 b6 4.g3 Ba6 5.b3 d5 6.Bg2 Bb4+ 7.Bd2 Bd6 8.Qc2 O-O
9.O-O Nbd7 10.Bg5 h6 11.Bxf6 Nxf6 12.Nbd2 c5 13.e4 dxe4 14.Nxe4 Nxe4 15.Qxe4 Qc7
16.Rad1 Bb7 17.d5 exd5 18.cxd5 Rfe8 19.Qd3 Rad8 20.Rfe1 Qd7 21.Rxe8+ Rxe8
22.Re1 Rd8 23.Rd1 Qc8 24.Re1 Ba6 25.Qc3 Qf5 26.Ne5 Qf6 27.Qe3 Bxe5 28.Qxe5 Qxe5
29.Rxe5 Kf8 30.Re1 Re8 31.Rd1 Ke7 32.d6+ Kd7 33.Bh3+ Kd8 34.Bg2 Be2 35.Rd2 Bg4
36.Bc6 Re1+ 37.Kg2 Bd7 38.Bd5 Be6 39.Bc6 Rc1 40.Kf3 c4 41.bxc4 Rxc4 42.Be4 Ra4
43.Bb1 Kd7 44.Ke3 Ra3+ 45.Kf4 Ra5 46.h4 Bd5 47.g4 Kxd6 48.Be4 Rc5 49.h5 b5
50.Bxd5 Rxd5 51.Rc2 Rc5 52.Rd2+ Kc7 53.Re2 Kb6 54.Re7 Rc7 55.Re8 Rc2 56.Rg8 Rxa2
57.Rxg7 Rxf2+ 58.Kg3 Rf6 59.g5 hxg5 60.Kg4 b4 61.Kxg5 Rf1 62.h6 b3 63.h7 Rh1
64.Rxf7 b2 65.Rf6+ Ka5  0-1

[Event "16th Maccabia GM"]
[Site "Tel Aviv ISR"]
[Date "2001.07.21"]
[Round "7"]
[White "Bykhovsky,Av"]
[Black "Alekseev,E"]
[Result "1/2-1/2"]
[WhiteElo "2443"]
[BlackElo "2544"]

1.d4 Nf6 2.c4 e6 3.Nf3 b6 4.g3 Ba6 5.Nbd2 Bb7 6.Bg2 c5 7.e4 cxd4 8.Nxd4 Bc5
9.Nc2 Qc7 10.b4 Be7 11.Bb2 O-O 12.O-O d6 13.a3 Nbd7 14.Rc1 Rac8 15.f4 a6
16.g4 h6 17.Qe2 b5 18.e5 dxe5 19.Bxb7 Qxb7 20.fxe5 Nh7 21.c5 Rfd8 22.Ne4 Ng5
23.Nxg5 Bxg5 24.Rcd1 Nf8 25.Qg2 Qc7 26.Rd6 Be7 27.Nd4 Ng6 28.Rxa6 Qxe5  1/2-1/2

[Event "ch-Paris Open"]
[Site "Paris FRA"]
[Date "2001.07.22"]
[Round "2"]
[White "Emmenecker,P"]
[Black "Chabanon,JL"]
[Result "1/2-1/2"]
[WhiteElo "2203"]
[BlackElo "2511"]

1.d4 Nf6 2.c4 e6 3.Nf3 b6 4.g3 Ba6 5.b3 Bb7 6.Bg2 Bb4+ 7.Bd2 a5 8.O-O O-O
9.Bg5 a4 10.Nbd2 h6 11.Bxf6 Qxf6 12.Qc2 c5 13.Ne4 Bxe4 14.Qxe4 Nc6 15.Ne5 Ra7
16.Nxc6 dxc6 17.Qxc6 axb3 18.axb3 Rxa1 19.Rxa1 Qxd4 20.Ra8 g5 21.Rxf8+ Kxf8
22.Qxb6 Kg7 23.Qc6 Qd1+ 24.Bf1 Qxb3 25.Qe4 Qb2 26.h4 Be1 27.hxg5 hxg5 28.Qe3 Qf6
29.Qxc5 Bc3 30.Qc6 Be1  1/2-1/2

[Event "16th Maccabia GM"]
[Site "Tel Aviv ISR"]
[Date "2001.07.23"]
[Round "9"]
[White "Roiz,M"]
[Black "Lerner,K"]
[Result "1-0"]
[WhiteElo "2511"]
[BlackElo "2570"]

1.d4 Nf6 2.Nf3 e6 3.c4 b6 4.g3 Ba6 5.b3 Bb4+ 6.Bd2 Be7 7.Bg2 c6 8.Bc3 d5
9.Ne5 Nfd7 10.Nxd7 Nxd7 11.Nd2 O-O 12.O-O Rc8 13.e4 b5 14.Re1 bxc4 15.bxc4 dxc4
16.Qa4 Bb5 17.Qc2 Re8 18.a4 Ba6 19.Rad1 Bf8 20.a5 c5 21.d5 exd5 22.exd5 Rxe1+
23.Rxe1 Nf6 24.Qf5 Qd7 25.Qxd7 Nxd7 26.Bf1 Rb8 27.Bxc4 Bxc4 28.Nxc4 a6 29.Kf1 Rb3
30.Re3 h5 31.Ke2 Rb8 32.f4 Rd8 33.h3 Nf6 34.Bxf6 gxf6 35.Rd3 f5 36.d6 Kg7
37.Rd5 Kf6 38.Rxc5 Bxd6 39.Rc6 Ke7 40.Rxa6 Bc5 41.Rc6 Bg1 42.a6 Rg8 43.Kf3 Rb8
44.a7 Ra8 45.Rc7+ Kf6 46.Ne3 Kg6 47.Rc6+ f6 48.Ra6 h4 49.gxh4 Kh5 50.Ra1 Bxe3
51.Kxe3 Kxh4 52.Kf3 Kh5 53.Ra6 Kg6 54.Ke3 Kh5 55.Kd4  1-0

[Event "Czech Open"]
[Site "Pardubice CZE"]
[Date "2001.07.24"]
[Round "5"]
[White "Aliev,K"]
[Black "Stocek,J"]
[Result "0-1"]
[WhiteElo "2344"]
[BlackElo "2530"]

1.d4 Nf6 2.c4 e6 3.Nf3 b6 4.g3 Ba6 5.b3 b5 6.cxb5 Bxb5 7.Bg2 d5 8.O-O Nbd7
9.Nc3 Ba6 10.Bb2 Bd6 11.Rc1 O-O 12.Re1 Rc8 13.a3 c5 14.dxc5 Bxc5 15.b4 Bb6
16.h3 Qe7 17.Na4 Rxc1 18.Qxc1 Rc8 19.Qf4 Rc4 20.Bxf6 Nxf6 21.Qb8+ Rc8 22.Qf4 Rc4
23.Qb8+ Rc8 24.Qf4 Bc7 25.Qe3 Bd6 26.Ne5 h6 27.f4 Qc7 28.Nd3 Bxd3 29.Qxd3 Qc6
30.Nb2 e5 31.fxe5 Bxe5 32.Nd1 Ne4 33.Bxe4 dxe4 34.Qe3 Rd8 35.Nf2 Bd4 36.Qf4 Qc3
37.Rf1 Be5 38.Qxe4 Qxg3+ 39.Qg2 Qxa3 40.Nd3 Bd4+ 41.Kh1 Qa6 42.Qf3 Qe6 43.Nf4 Qe3
44.Qxe3 Bxe3 45.Nd3 Re8 46.Kg2 Bb6 47.Re1 Re4 48.Kf1 Re3 49.Nf2 Kf8 50.Rc1 Ke7
51.Rc4 h5 52.h4 Rg3 53.Rf4 g6 54.e4 Be3  0-1

[Event "Czech Open"]
[Site "Pardubice CZE"]
[Date "2001.07.24"]
[Round "5"]
[White "Teske,H"]
[Black "Thorfinnsson,Br"]
[Result "1-0"]
[WhiteElo "2486"]
[BlackElo "2371"]

1.d4 Nf6 2.c4 e6 3.Nf3 b6 4.g3 Ba6 5.b3 b5 6.cxb5 Bxb5 7.Bg2 Bb4+ 8.Bd2 a5
9.O-O Bc6 10.a3 Bxd2 11.Nbxd2 Qc8 12.Re1 Ne4 13.Rc1 Qb7 14.Ne5 Nxd2 15.Nxc6 dxc6
16.Qxd2 Qxb3 17.Rxc6 Ra7 18.Rc3 Qb6 19.d5 O-O 20.dxe6 Qxe6 21.Rec1 c6 22.Rd3 Qe7
23.Rc4 Rb7 24.h3 Qf6 25.Bf3 Rb5 26.Kg2 h6 27.h4 Qa1 28.Rc1 Qe5 29.Rcc3 Qe7
30.Rc4 Na6 31.Rxc6 Nc5 32.Re3 Ne6 33.Rec3 a4 34.R6c4 Qa7 35.Bc6 Ra5 36.Bd5 Rd8
37.e4 Rb5 38.Qc2 Nd4 39.Rxa4 Ra5 40.Rxa5 Qxa5 41.Qd3 Qa7 42.Qe3 Rd7 43.a4 Kh7
44.h5  1-0

[Event "ch-Paris Open"]
[Site "Paris FRA"]
[Date "2001.07.24"]
[Round "4"]
[White "Shneider,A"]
[Black "Handke,F"]
[Result "1-0"]
[WhiteElo "2493"]
[BlackElo "2384"]

1.d4 Nf6 2.c4 e6 3.Nf3 b6 4.g3 Ba6 5.Nbd2 c5 6.e4 cxd4 7.e5 Ng4 8.h3 Nh6
9.Bg2 Nc6 10.O-O Be7 11.a3 Nf5 12.b4 Bb7 13.g4 Nh4 14.Nxh4 Bxh4 15.Ne4 Be7
16.Bf4 Rc8 17.Qd3 Qc7 18.Qg3 Qb8 19.Rad1 h6 20.h4 Qa8 21.Rfe1 g5 22.hxg5 hxg5
23.Bxg5 Bxg5 24.Nxg5 Ke7 25.Qf4 Nxe5 26.Rxe5 f6 27.Ne4 Rcf8 28.Rh5 Rxh5 29.gxh5 e5
30.Qf5 Qc8 31.Qh7+  1-0

[Event "3rd Open"]
[Site "Patras GRE"]
[Date "2001.07.24"]
[Round "7"]
[White "Rychagov,A"]
[Black "Bagaturov,G"]
[Result "1/2-1/2"]
[WhiteElo "2505"]
[BlackElo "2489"]

1.d4 Nf6 2.c4 e6 3.Nf3 b6 4.g3 Ba6 5.b3 Bb4+ 6.Bd2 Be7 7.Bg2 c6 8.Bc3 d5
9.Ne5 Nfd7 10.Nxd7 Nxd7 11.Nd2 O-O 12.O-O f5 13.b4 Nf6 14.Rb1 Rc8 15.c5 Qc7
16.Re1 Rb8 17.Qa4 Bb5 18.Qc2 Ba6 19.Qa4 Bb5 20.Qc2 Ba6 21.Qa4  1/2-1/2